Add a Letter - B - Statistics

General Stats
  • This quiz has been taken 328 times
  • The average score is 10 of 10
Answer Stats
Word Add "B" % Correct
All Ball
100%
Bar Barb
99%
Ear Bear
99%
Ore Bore
98%
Us Bus
98%
So Sob
98%
We Web
98%
Urn Burn
97%
Loo Lobo
88%
Cube Cubeb
79%
No matching quizzes found
Score Distribution
Percent of People with Each Score
Percentile by Number Answered
Your Score History
You have not taken this quiz